EURO 2020

Bibliographic Details
Main Author: Staško, Mojmír, 1972- (Author, Compiler)
Format: Book
Language:Slovak
Published: V Bratislave ŠPORT PRESS 2021
Edition:Prvé vydanie
Subjects:

MARC

LEADER 00000cam a2200000 4500
001 vtls012083317
003 SK-MaSNL
005 20260301091647.0
008 220114s2021 xo ol gr 000 0 slo
015 |a SNBA2023/03 
020 |a 9788085742565  |q (viazané) 
040 |a SNK  |b slo  |c SNK  |e rda 
041 0 |a slo 
043 |a e------ 
044 |a xo  |c SK 
072 7 |a 796  |x Šport. Hry. Telesné cvičenia  |2 konspekt 
080 |a 796.332  |2 2011 
080 |a 79.092-027.543  |2 2011 
080 |a (048.8)  |2 2011 
080 |a 796.332.085  |2 2011 
080 |a (4)  |2 2011 
100 1 |a Staško, Mojmír,  |d 1972-  |4 aut  |4 com  |9 421269 
245 1 0 |a EURO 2020  |c Mojmír Staško 
250 |a Prvé vydanie 
264 1 |a V Bratislave  |b ŠPORT PRESS  |c 2021 
300 |a 132 strán  |b farebné fotografie, tabuľky  |c 31 cm 
336 |a text  |b txt  |2 rdacontent 
336 |a statický obraz  |b sti  |2 rdacontent 
337 |a bez média  |b n  |2 rdamedia 
338 |a zväzok  |b nc  |2 rdacarrier 
648 7 |a 2020-2021  |2 SNKPH  |9 367695 
648 7 |a 21st century  |2 SNKPHeng  |9 303236 
648 7 |a 21. storočie  |2 SNKPH  |9 301294 
650 0 7 |a futbal  |2 SNKPH  |9 3291 
650 0 7 |a Football  |2 SNKPHeng  |9 315473 
650 0 7 |a medzinárodné súťaže  |2 SNKPH  |9 71259 
650 0 7 |a International competitions  |2 SNKPHeng  |9 421270 
650 0 7 |a futbalové tímy  |2 SNKPH  |9 222764 
650 0 7 |a Soccer teams  |2 SNKPHeng  |9 332921 
651 7 |a Európa  |2 SNKPHgeo  |9 167569 
651 7 |a Europe  |2 SNKPHeng  |9 56249 
655 7 |a prehľady  |2 SNKPH  |9 70194 
655 7 |a Surveys  |2 SNKPHeng  |9 266058 
752 |a Slovensko  |d Bratislava 
919 |a 978-80-85742-56-5 
954 |a odborná, vedecká literatúra pôvodná (slovenská)  |2 lita 
999 |c 671821  |d 673751 
952 |a SNK  |b SNK  |y VYP  |7 0  |p 17A1482344  |o snkSB 97599 D1  |i snk2022/6489  |8 3  |g 12.68  |0 0  |1 0  |4 0  |d 2022-05-02  |l 0  |r 2026-02-23 19:29:36  |w 2026-02-23 
952 |a SNK  |b SNK  |y PREZ  |7 0  |p 17A1470953  |o snkSB 97599  |i snk2022/708  |8 0  |0 0  |1 0  |4 0  |d 2022-01-14  |f 1  |l 0  |r 2025-05-16 00:00:00  |w 2026-02-23